Klasyfikacja medalowa Zimowych Igrzysk Olimpijskich Pekin 2022 - Statystyki

Ogólne statystyki
  • Ten quiz został rozwiązany 122 razy
  • Średni wynik to 25 z 29
Statystyki odpowiedzi
Miejsce Złote Srebrne Brązowe Łącznie Reprezentacja % Poprawnych
27. 0 0 1 1 Polska
98%
4. 8 10 7 25 Stany Zjednoczone
97%
3. 9 4 2 15 Chiny
96%
2. 12 10 5 27 Niemcy
96%
1. 16 8 13 37 Norwegia
96%
12. 3 6 9 18 Japonia
95%
11. 4 8 14 26 Kanada
95%
5. 8 5 5 18 Szwecja
95%
7. 7 7 4 14 Austria
92%
16. 2 2 4 8 Finlandia
92%
13. 2 7 8 17 Włochy
92%
9. 6 12 14 32 Rosyjski Komitet Olimpijski
89%
10. 5 7 2 14 Francja
88%
8. 7 2 5 14 Szwajcaria
86%
19. 1 1 0 2 Wielka Brytania
86%
14. 2 5 2 9 Korea Południowa
85%
21. 1 0 1 2 Słowacja
85%
25. 0 1 0 1 Hiszpania
83%
15. 2 3 2 7 Słowenia
83%
21. 1 0 1 2 Czechy
82%
25. 0 1 0 1 Ukraina
82%
6. 8 5 4 17 Holandia
81%
18. 1 2 1 4 Australia
76%
21. 1 0 1 2 Belgia
75%
24. 0 2 0 2 Białoruś
75%
27. 0 0 1 1 Łotwa
74%
27. 0 0 1 1 Estonia
73%
20. 1 0 2 3 Węgry
73%
17. 2 1 0 3 Nowa Zelandia
61%
Nie znaleziono quizów pasujących do podanych kryteriów
Rozkład punktacji
Procent ludzi z każdym wynikiem
Percentyl według liczby udzielonych odpowiedzi
Twoja historia wyników
Nie rozwiązałeś tego quizu